Seven types of ambiguity / (Record no. 62930)
[ view plain ]
| 000 -LEADER | |
|---|---|
| fixed length control field | 00977nam a2200313 a 4500 |
| 001 - CONTROL NUMBER | |
| control field | 62930 |
| 003 - CONTROL NUMBER IDENTIFIER | |
| rucl marc code | BD-RjUL |
| 005 - DATE AND TIME OF LATEST TRANSACTION | |
| control field | 20211209081137.0 |
| 008 - FIXED-LENGTH DATA ELEMENTS--GENERAL INFORMATION | |
| fixed length control field | 170126s1953 enk 001 0 eng d |
| 035 ## - SYSTEM CONTROL NUMBER | |
| System control number | (BD-RjUL)63058 |
| 040 ## - CATALOGING SOURCE | |
| Original cataloging agency | WSU |
| Modifying agency | m.c |
| Language of cataloging | eng |
| Transcribing agency | BD-RjUL |
| 041 ## - LANGUAGE CODE | |
| Language code of text/sound track or separate title | eng |
| 082 ## - DEWEY DECIMAL CLASSIFICATION NUMBER | |
| Edition number | 23 |
| Classification number | 821.009 |
| Author mark and year | EMS 1953 |
| 090 ## - LOCALLY ASSIGNED LC-TYPE CALL NUMBER (OCLC); LOCAL CALL NUMBER (OCLC) | |
| Classification number (OCLC) (R) ; Classification number, CALL (RLIN) (NR) | PN1031 |
| Local cutter number (OCLC) ; Book number/undivided call number, CALL (RLIN) | .E4 1953 |
| 099 ## - LOCAL FREE-TEXT CALL NUMBER (OCLC) | |
| Bangla Class number | *ML A.9K - 7P-CZJ - F3 |
| Feature heading | : Seven types of ambiguity |
| Bangla Class number | *ML A.8J - WZJ&QK-P - F3 |
| 100 1# - MAIN ENTRY--PERSONAL NAME | |
| Personal name | Empson, William, |
| Dates associated with a name | 1906-1984. |
| 9 (RLIN) | 187141 |
| 245 10 - TITLE STATEMENT | |
| Title | Seven types of ambiguity / |
| Statement of responsibility, etc. | William Empson. |
| 250 ## - EDITION STATEMENT | |
| Edition statement | 3rd ed. rev. |
| 260 ## - PUBLICATION, DISTRIBUTION, ETC. (IMPRINT) | |
| Place of publication, distribution, etc. | London : |
| Name of publisher, distributor, etc. | Chatto & Windus, |
| Date of publication, distribution, etc. | 1953 |
| 300 ## - PHYSICAL DESCRIPTION | |
| Pagination | xv, 258 p. ; |
| Size | 21 cm. |
| 500 ## - GENERAL NOTE | |
| General note | Index: p. 257-8. |
| 650 #0 - SUBJECT ADDED ENTRY--TOPICAL TERM | |
| Topical term or geographic name as entry element | Style, Literary. |
| 9 (RLIN) | 182370 |
| Topical term or geographic name as entry element | English poetry |
| General subdivision | History and criticism |
| -- | Theory, etc. |
| 9 (RLIN) | 187142 |
| Topical term or geographic name as entry element | English language |
| General subdivision | Style. |
| 9 (RLIN) | 185076 |
| Topical term or geographic name as entry element | Ambiguity in literature. |
| 9 (RLIN) | 187143 |
| 942 ## - ADDED ENTRY ELEMENTS (KOHA) | |
| Source of classification or shelving scheme | Dewey Decimal Classification |
| Koha item type | Books |
| Lost status | Source of classification or shelving scheme | Damaged status | Not for loan | Collection code | Permanent Location | Current Location | Shelving location | Date acquired | Source of acquisition | Cost, normal purchase price | Total Checkouts | Full call number | Date last seen | Copy number | Koha item type |
|---|---|---|---|---|---|---|---|---|---|---|---|---|---|---|---|
| Dewey Decimal Classification | Not For Loan | Non-fiction | Central Library, University of Rajshahi | Central Library, University of Rajshahi | Reading Room | 05/07/1955 | Cassell and co. | 6.40 | 821.009 EMS 1953 | 26/01/2017 | C-1 | Books | |||
| Dewey Decimal Classification | Non-fiction | Central Library, University of Rajshahi | Central Library, University of Rajshahi | 04/03/1953 | U. B .D. | 0.00 | 821.009 EMS 1953 | 09/03/2017 | C-2 | Books |